000 00426nam a2200181Ia 4500
001 17625
005 20260306171531.0
008 260306s9999||||xx |||||||||||||| ||und||
041 _aESP
082 _a658.1
_bM569
100 _aMoyano Castillejo, Luis Enrique
_eAUT
245 0 _aPlan de negocios
260 _c2015
300 _a164 páginas :
_c25 cm.
650 _aGEN
654 _aCAN
942 _cLIB
_dJUS
_fJUS
_2ddc
_n
999 _c17625
_d17625